000 00405nam a2200145Ia 4500
008 210210b1970 xxu||||| |||| 00| 0 eng d
020 _a0 226 64606 8
082 _a301 PARI
100 _aPARK (Robert E) & BURGESS (Ernest W).
245 _aIntroduction to the science of sociology.
260 _aLondon
_bThe University of Chicago Press
_c1970
300 _a460
690 _aSociology
906 _a030307
999 _c81484
_d81484